000 nam a22 7a 4500
999 _c7237
_d7237
020 _a9789861946023
100 _a郭雅雯
245 _a居家護理實務
250 _a一版
260 _a台北市
_b華杏
_c2021
942 _2ccl
_cLNTERM